000 00386 a2200145 4500
005 20250415111207.0
020 _a0 7231 0801 3
082 _a657 .2 FAV
100 _aFAVELL, A.J.
245 _aPractical Book-keeping and Accounts.
250 _a7th Ed.
260 _aLondon,
_bUniversity Tutorial press Ltd,
_c1980.
300 _avi,506p.:Ill.;figures
_bIndex
_c20cm.
942 _2ddc
_cBKS
999 _c1447
_d1447